000 00407cam a2200169ua 4500
020 _c2.25
041 _amal
_h
082 _a894.812
_bKUN/KH
100 _aKunchan, Nambiar .
245 _aKhoshayathra /
_cKunchan Nambiar.
_hTextual Documents
260 _aOttapalam :
_bAjith book centre ,
_c1957.
300 _a104 ; .
365 _a2.25
504 _a
942 _cBK
999 _c12786
_d12786